Řízení zásob - důležitá součást logistického mixu

Klasifikácia a riadenie zásob. Dopyt po zásobách a náklady na ich udržanie. Ciele zásobovania. Určenie úrovne služieb pre zásobovanie. Metódy riadenia zásob.

Gespeichert in:
Bibliographische Detailangaben
1. Verfasser: Kumar, S.
Format: Buchkapitel
Sprache:Tschechisch
Schlagworte:
Tags: Tag hinzufügen
Keine Tags, Fügen Sie das erste Tag hinzu!

MARC

LEADER 00000naa a2200000 4500
001 r019883
005 20230922085910.4
041 0 |a cze 
044 |a CZ 
245 1 0 |a Řízení zásob - důležitá součást logistického mixu  |c S. Kumar 
520 |a Klasifikácia a riadenie zásob. Dopyt po zásobách a náklady na ich udržanie. Ciele zásobovania. Určenie úrovne služieb pre zásobovanie. Metódy riadenia zásob. 
610 2 0 |a logistika 
610 2 0 |a zásoby 
610 2 0 |a zásobovanie 
100 1 |a Kumar, S.